| 000 | 00857 a2200253 4500 | ||
|---|---|---|---|
| 001 | 21904 | ||
| 003 | TR-AnTOB | ||
| 005 | 20241119113951.0 | ||
| 008 | 041102s1991 tu tur | ||
| 020 | _a9751603110 | ||
| 040 |
_aTR-AnTOB _cTR-AnTOB |
||
| 041 | _atur | ||
| 050 |
_aPL234 _b.T873 1991 |
||
| 090 | _aPL234 .T873 1991 | ||
| 245 | 0 |
_aTürk askeri için savaş şiirlerinden seçmeler: (1914-1918) / _cderl. Sadri Karakoyunlu. |
|
| 250 | _a2. bs. | ||
| 264 | 1 |
_aAnkara : _bAtatürk Kültür, Dil ve Tarih Yüksek Kurumu Atatürk Kültür Merkezi, _c1991 |
|
| 300 |
_aix, 69 p. : _bill. ; _c24 cm. |
||
| 490 | 0 |
_aAtatürk Kültür, Dil ve Tarih Yüksek Kurumu Atatürk Kültür Merkezi Yayını; Sayı 20. _aTürk kültüründen görüntüler dizisi; Sayı 10 |
|
| 650 | 7 |
_aTürk şiiri _2etuturkob _984273 |
|
| 902 | _a0005743 | ||
| 942 |
_cBK _2lcc |
||
| 999 |
_c21904 _d8570 |
||